| 000 | 00647nam a22002057a 4500 | ||
|---|---|---|---|
| 003 | NUST-PNEC | ||
| 005 | 20170116180712.0 | ||
| 008 | 141014b xxu||||| |||| 00| 0 eng d | ||
| 020 | _a9780408702898 | ||
| 040 | _cPNEC | ||
| 082 | _a621.3 SAY | ||
| 100 |
_9577 _aSay, M.G. |
||
| 245 |
_aElectrical engineer's reference book. _cM. G. Say |
||
| 250 | _a13th ed. | ||
| 260 |
_aLondon, _bButterworths _c[1973] |
||
| 300 |
_a1 volume (various pagings): _b illustrations; _c23 cm. |
||
| 500 | _aIncludes Index http://www.worldcat.org/title/electrical-engineers-reference-book/oclc/1411403&referer=brief_results | ||
| 650 | _xEE | ||
| 942 |
_2ddc _cBK |
||
| 999 |
_c61005 _d61005 |
||